Rabindranath Tagore: Fikr-o-Fun / (Record no. 614204)
[ view plain ]
| 000 -LEADER | |
|---|---|
| fixed length control field | 00714nam a22001697a 4500 |
| 082 ## - DEWEY DECIMAL CLASSIFICATION NUMBER | |
| Classification number | 891.44 |
| Author Mark | MEH |
| 100 ## - MAIN ENTRY--PERSONAL NAME | |
| Personal name | Mehmood, Khalid |
| 245 ## - TITLE STATEMENT | |
| Title | Rabindranath Tagore: Fikr-o-Fun / |
| Statement of responsibility, etc. | edited by Khalid Mehmood and Shahzad Anjum |
| 260 ## - PUBLICATION, DISTRIBUTION, ETC. | |
| Place of publication, distribution, etc. | Karachi: |
| Name of publisher, distributor, etc. | Book Time, |
| Date of publication, distribution, etc. | 2016. |
| 300 ## - PHYSICAL DESCRIPTION | |
| Extent | 645 pages ; |
| Dimensions | 22 cm |
| 563 ## - BINDING INFORMATION | |
| Binding note | HB |
| 650 ## - SUBJECT ADDED ENTRY--TOPICAL TERM | |
| Topical term or geographic name entry element | Tagore, Rabindranath, 1861–1941 — Criticism and interpretation |
| 880 ## - ALTERNATE GRAPHIC REPRESENTATION | |
| Linkage | 100-01\(3\r |
| Title | خالد محمود، شہزاد انجم |
| 880 ## - ALTERNATE GRAPHIC REPRESENTATION | |
| Linkage | 245-02\(3\r |
| Title | رابندر ناتھ ٹیگور: فکر و فن / |
| b | مرتبین: خالد محمود، شہزاد انجم۔ |
| 880 ## - ALTERNATE GRAPHIC REPRESENTATION | |
| Linkage | 260-03\(3\r |
| Title | کراچی: |
| b | بک ٹائم، |
| c | 2016ء |
| 942 ## - ADDED ENTRY ELEMENTS (KOHA) | |
| Source of classification or shelving scheme | |
| Koha item type | Book |
| 650 ## - SUBJECT ADDED ENTRY--TOPICAL TERM | |
| -- | 129586 |
| Withdrawn status | Lost status | Source of classification or shelving scheme | Damaged status | Not for loan | Permanent Location | Current Location | Date acquired | Total Checkouts | Full call number | Barcode | Date last seen | Price effective from | Koha item type |
|---|---|---|---|---|---|---|---|---|---|---|---|---|---|
| Central Library (CL) | Central Library (CL) | 07/10/2025 | 891.44 MEH | CL-D-2879 | 07/10/2025 | 07/10/2025 | Book |
